LEADER 01054naa a2200229 u 4500 001 000000103167 003 CaOOAMICUS 005 20070226130214.0 008 060809s2006 it u000 u eng u 035 $a11097792 040 $aIAR$bita 100 1 $aCampanini, Massimo.$0(OLS)http://pul/name/25427 245 14$aThe Party of God (>Hizbullâh<) :$bIslamic opposition and martyrdom in contemporary Imamite Shiism /$cMassimo Campanini. 260 $aBologna :$bEd. Dehoniane,$c2006. 300 $aS. 319-334 ;$c22 cm 500 $aIAR: FF-51.27 730 0 $aCristianesimo nella storia$g[Spogli].$0(OLS)http://pul/title/7312 773 0 $aCristianesimo nella storia ;.$tvol. XXVII (2006) 773 0 $aMartirio volontario. Una storia condivisa nell'ebraismo, nel cristianesimo e nell'islam. 773 0 $tCristianesimo nella storia$w()5012 996 $6245$aThe Party of God (>Hizbullâh<) :$bIslamic opposition and martyrdom in contemporary Imamite Shiism$9(OLS)http://pul/title/130074 996 $6260$aBologna :$bEd. Dehoniane$9(OLS)http://pul/publisher/48282 LEADER 01478nam a2200301 a 4500 001 000000156771 003 CaOOAMICUS 005 20161128112736.0 008 161128s1957 sp u000 u lat r 032 $aLibriCat 040 $aPUL$bita 100 1 $aGarcía, Sebastián,$cO.F.M.$0(OLS)http://pul/name/99988 245 10$aDe influxu metus in sacram ordinationem eiusque onera /$cP. Sebastianus Garcia, O.F.M. 260 $aHispali :$bSan Antonio,$c1957. 300 $aXIV, 91 p. ;$c22 cm. 502 $aTesi -- Pontificium Athenaeum Antonianum. Facultas Iuris Canonici. 1957. 504 $aBibliografia in nota. 650 4$aOrdinazione sacerdotale (diritto canonico).$0(OLS)http://pul/subject/39929 710 2 $aPontificio Ateneo Antoniano.$bFacoltà di Diritto Canonico.$kTesi.$0(OLS)http://pul/name/99826 850 $aPUL 852 $aPUL$W1$xDP1 Tesi Pon. At. Antonianum$y30$mTH ANT IUS46$j180054$qTesi$B183177$CPULBib$Z2$F183177 $H19425 $82 910 $aPontificia Università Antonianum.$bFacoltà di diritto canonico.$kTesi$999826 910 $aPontificia Università Antonianum.$bFacoltà di diritto canonico.$kTesi$999826 910 $aPontificium Athenaeum Antonianum.$bFacultas Iuris Canonici$kTesi$999826 941 1 $a16 996 $6245$aDe influxu metus in sacram ordinationem eiusque onera$9(OLS)http://pul/title/196380 996 $6260$aHispali :$bSan Antonio$9(OLS)http://pul/publisher/85696